00670nam a22001817a 4500003000200000005001700002008004100019020002200060050002200082100002900104245010000133250001800233260003900251300004400290500003000334504006200364650006200426020230907131247.0230907b xxu||||| |||| 00| 0 eng d a978-1-265-23942-8 aRC 454b.W55 2023 aWhitbourne, Susan Krauss aAbnormal psychology : clinical perspectives on psychological disorderscSusan Krauss Whitbourne aTenth edition aNew YorkbMcGraw Hill, LLCcC2023. axxx, 370 pages :bcol. ill. ; c28 cm.  aPsychology, pathological. aIncludes bibliographical references, index, and glossary. aIncludes bibliographical references, index, and glossary.